000
00319pab a2200145 454500
008
180718b1985 xxu||||| |||| 00| 0 eng d
100
_a
Gore, M.S.
245
_a
National goals and mass media
260
_c
1985
300
_a
43-9
362
_a
Oct.
650
_a
Mass Media
773
_a
Mainstream
909
_a
13295
999
_c
13295
_d
13295